书目信息 |
| 题名: |
哈贝马斯
|
|
| 作者: | 福尔特纳 编 ;赵超 译 | |
| 分册: | ||
| 出版信息: | 重庆 重庆大学出版社 2016 |
|
| 页数: | 10,343页 | |
| 开本: | 22cm | |
| 丛书名: | ||
| 单 册: | ||
| 中图分类: | B516.59 | |
| 科图分类: | ||
| 主题词: | ||
| 电子资源: | ||
| ISBN: | 978-7-5689-0196-3 | |
| 000 | 01138nam0 22002531 450 | |
| 001 | 0120082250 | |
| 005 | 20170320082250.0 | |
| 010 | @a978-7-5689-0196-3@dCNY49.00 | |
| 100 | @a20161227d2016 em y0chiy50 ea | |
| 101 | 1 | @achi@ceng |
| 102 | @aCN@b500000 | |
| 105 | @ay z 001yy | |
| 106 | @ar | |
| 200 | 1 | @a哈贝马斯@9ha bei ma si@e关键概念@dJurgen Habermas@ekey concepts@f芭芭拉·福尔特纳(Barbara Fultner)编@g赵超译@zeng |
| 210 | @a重庆@c重庆大学出版社@d2016 | |
| 215 | @a10,343页@d22cm | |
| 330 | @a本书收录了多篇论文,试图呈现一个关于哈贝马斯的概念图。本书由三大部分组成,涵盖了哈贝马斯所关注的三大议题:交往理性、道德与政治理论、政治和社会变革。书中的每篇文章都从这三大议题下的不同侧面,结合哈贝马斯的重要著作和文章加以详尽阐发,呈现出了哈贝马斯对社会学、欧陆哲学和分析哲学的概念的系统性合成。 | |
| 510 | 1 | @aJurgen Habermas@ekey concepts@zeng |
| 600 | 0 | @a哈贝马斯@Aha bei ma si@c(Habermas, Jurgen@f1929- )@x哲学思想@x研究 |
| 690 | @aB516.59@v5 | |
| 701 | 0 | @c( )@a福尔特纳@9fu er te na@c(Fultner, Barbara)@4编 |
| 702 | 0 | @a赵超@9zhao chao@4译 |
| 801 | 0 | @aCN@bTANGWEI@c20170308 |
| 905 | @b0957468-70@dB516.59@e155@f3 | |
| 哈贝马斯:关键概念=Jurgen Habermas:key concepts/芭芭拉·福尔特纳(Barbara Fultner)编/赵超译.-重庆:重庆大学出版社,2016 |
| 10,343页;22cm |
| ISBN 978-7-5689-0196-3:CNY49.00 |
| 本书收录了多篇论文,试图呈现一个关于哈贝马斯的概念图。本书由三大部分组成,涵盖了哈贝马斯所关注的三大议题:交往理性、道德与政治理论、政治和社会变革。书中的每篇文章都从这三大议题下的不同侧面,结合哈贝马斯的重要著作和文章加以详尽阐发,呈现出了哈贝马斯对社会学、欧陆哲学和分析哲学的概念的系统性合成。 |
| ● |
| 相关链接 |
|
|
|
|
正题名:哈贝马斯
索取号:B516.59/155
 
预约/预借
| 序号 | 登录号 | 条形码 | 馆藏地/架位号 | 状态 | 备注 |
| 1 | 0957468 | 209574682 | 第一样本阅览室/ [索取号:B516.59/155] | 在馆 | |
| 2 | 0957469 | 209574691 | 第一借阅区/ [索取号:B516.59/155] | 在馆 | |
| 3 | 0957470 | 209574708 | 第一借阅区/ [索取号:B516.59/155] | 在馆 |